|
|
|
|
| LEADER |
01492nam a2200313 a 4500 |
| 001 |
00017895 |
| 003 |
BD-DhAAL |
| 008 |
100406s2007 maua 000 0 eng d |
| 010 |
|
|
|a 2006037130
|
| 020 |
|
|
|a 9780262062664 (alk. paper)
|
| 020 |
|
|
|a 0262062666 (alk. paper)
|
| 020 |
|
|
|a 9780262562287 (pbk. : alk. paper)
|
| 020 |
|
|
|a 0262562286 (pbk. : alk. paper)
|
| 040 |
|
|
|a DLC
|c DLC
|d BTCTA
|d BAKER
|d UKM
|d C#P
|d YDXCP
|d DLC
|d BD-DhAAL
|
| 082 |
0 |
0 |
|a 720
|2 22
|
| 100 |
1 |
|
|a Frederick, Matthew.
|9 31811
|
| 245 |
1 |
0 |
|a 101 things I learned in architecture school /
|c Matthew Frederick.
|
| 246 |
3 |
|
|a One hundred one things I learned in architecture school
|
| 246 |
3 |
|
|a One hundred and one things I learned in architecture school
|
| 260 |
|
|
|a Cambridge, Mass. :
|b MIT Press,
|c c2007.
|
| 300 |
|
|
|a 1 v. (unpaged) :
|b ill. ;
|c 14 x 19 cm
|
| 526 |
|
|
|a ARC
|x Md. Shajjad Hossain,
Faculty members of the Department of Architecture
|
| 541 |
1 |
|
|e 00017895
|a D. S. Books International
|
| 650 |
|
0 |
|a Architecture
|x Study and teaching.
|9 31812
|
| 650 |
|
0 |
|a Architectural design
|x Study and teaching.
|9 31813
|
| 852 |
4 |
|
|a Ayesha Abed Library
|c General Stacks
|
| 942 |
|
|
|2 ddc
|c BK
|
| 999 |
|
|
|c 7981
|d 7981
|
| 952 |
|
|
|0 0
|1 4
|2 ddc
|4 0
|6 720_000000000000000_FRE
|7 0
|9 9013
|a BRACUL
|b BRACUL
|c GEN
|d 2010-04-06
|e D. S. Books International
|l 2
|m 2
|o 720 FRE
|p 3010017895
|r 2010-05-31
|s 2010-05-17
|t 1
|w 2010-04-06
|y BK
|x Koha Inventory 2020 ; Requisitioned by Md. Shajjad Hossain (Faculty members of the Department of Architecture) ; USD 12.95
|